[Event "Winnipeg TNT July op"]
[Site "Winnipeg CAN"]
[Date "2004.07.20"]
[Round "3"]
[White "Prince, Colin"]
[Black "Milord, Frank"]
[Result "1-0"]
[WhiteElo "1727"]
[BlackElo "1592"]
[PlyCount "69"]
[GameId "2160767911096083"]
[EventDate "2004.07.06"]
[EventType "swiss"]
[EventRounds "4"]
[EventCountry "CAN"]

1. e4 e5 2. Nf3 Nc6 3. Bc4 Bc5 4. c3 Nf6 5. d4 exd4 6. cxd4 Bb6 7. e5 d5 8. Bb3 Ne4 9. Nc3 Ba5 10. Bd2 Nxd2 11. Qxd2 Be6 12. Bc2 h6 13. O-O Qe7 14. a3 a6 15. b4 Bb6 16. h3 g5 17. Bb3 O-O-O 18. b5 axb5 19. Nxb5 g4 20. hxg4 Bxg4 21. Ne1 f6 22. exf6 Qxf6 23. Nc2 Ba5 24. Nb4 Rhe8 25. f3 Be6 26. Rac1 Rg8 27. Rf2 Rg3 28. Qc2 Bxb4 29. axb4 Qg7 30. Qa2 Rg8 31. Rd2 h5 32. Qa8+ Kd7 33. Qxb7 Ne7 34. Qxc7+ Ke8 35. Nd6+ 1-0

[Event "Winnipeg TNT July op"]
[Site "Winnipeg CAN"]
[Date "2004.07.20"]
[Round "3"]
[White "Repa, Jason"]
[Black "Lipnowski, Samuel"]
[Result "0-1"]
[WhiteElo "1938"]
[BlackElo "2127"]
[PlyCount "60"]
[GameId "2160767911096084"]
[EventDate "2004.07.06"]
[EventType "swiss"]
[EventRounds "4"]
[EventCountry "CAN"]
[SourceTitle "EXT 2006"]
[Source "ChessBase"]
[SourceDate "2005.11.24"]
[SourceVersion "1"]
[SourceVersionDate "2005.11.24"]
[SourceQuality "1"]

1. b3 e5 2. Bb2 Nc6 3. e3 a6 4. Ne2 d5 5. d4 e4 6. c4 f5 7. Nf4 Nf6 8. Nxd5 Nxd5 9. cxd5 Qxd5 10. Bc4 Bb4+ 11. Bc3 Qa5 12. Qd2 Bd7 13. O-O O-O-O 14. a3 Bxc3 15. Nxc3 b5 16. b4 Qb6 17. Be2 Be6 18. Qb2 Ne7 19. a4 c6 20. axb5 axb5 21. d5 Bxd5 22. Nxd5 Nxd5 23. Ra5 Rhg8 24. Rfa1 Nc7 25. Bd1 g6 26. Bb3 Rge8 27. Ra7 f4 28. Qf6 fxe3 29. Be6+ Kb8 30. Qf7 Qxa7 0-1

[Event "Winnipeg TNT July op"]
[Site "Winnipeg CAN"]
[Date "2004.07.20"]
[Round "3"]
[White "Zaczek, Jonathon"]
[Black "Zhou, Lu"]
[Result "1-0"]
[WhiteElo "1905"]
[BlackElo "1646"]
[PlyCount "97"]
[GameId "2160767911096085"]
[EventDate "2004.07.06"]
[EventType "swiss"]
[EventRounds "4"]
[EventCountry "CAN"]

1. e4 e5 2. Nf3 Nc6 3. d4 exd4 4. Nxd4 Nf6 5. Nxc6 bxc6 6. e5 Qe7 7. Qe2 Nd5 8. c4 Ba6 9. b3 g6 10. g3 Bg7 11. Bb2 O-O 12. Bg2 Rfe8 13. O-O Bxe5 14. Qxe5 Qxe5 15. Bxe5 Rxe5 16. cxd5 Bxf1 17. Kxf1 cxd5 18. f4 Re3 19. Nd2 c6 20. Nf3 f6 21. Re1 Rae8 22. Kf2 d4 23. Rxe3 dxe3+ 24. Ke2 c5 25. Ne1 g5 26. Nc2 gxf4 27. gxf4 Kf7 28. Nxe3 Ke6 29. Kd3 d6 30. Bd5+ Kd7 31. f5 Rb8 32. Be6+ Kc6 33. Nd5 Rf8 34. Kc4 a6 35. h4 Kb7 36. h5 Kc6 37. h6 Kb7 38. Nf4 Kc7 39. Nh5 Kc6 40. Ng7 Rb8 41. a3 Rf8 42. Bd5+ Kb6 43. Bf3 Rg8 44. Kd5 Kc7 45. Ke6 a5 46. a4 c4 47. bxc4 Rb8 48. Bd5 Rb4 49. Ne8+ 1-0

[Event "Winnipeg TNT July op"]
[Site "Winnipeg CAN"]
[Date "2004.07.27"]
[Round "4"]
[White "Boron, Anthony"]
[Black "Lauritson, Jim"]
[Result "1-0"]
[WhiteElo "1966"]
[BlackElo "1964"]
[PlyCount "99"]
[GameId "2160767911096086"]
[EventDate "2004.07.06"]
[EventType "swiss"]
[EventRounds "4"]
[EventCountry "CAN"]
[SourceTitle "EXT 2006"]
[Source "ChessBase"]
[SourceDate "2005.11.24"]
[SourceVersion "1"]
[SourceVersionDate "2005.11.24"]
[SourceQuality "1"]

1. e4 c5 2. Nc3 e6 3. f4 Nc6 4. Nf3 d5 5. e5 Nge7 6. Bb5 Bd7 7. O-O Nf5 8. d3 Be7 9. Kh1 a6 10. Bxc6 Bxc6 11. Qe1 b5 12. g4 Nh4 13. Nxh4 Bxh4 14. Qe2 b4 15. Nd1 d4+ 16. Rf3 Qd5 17. Kg2 Qxf3+ 18. Qxf3 Bxf3+ 19. Kxf3 f6 20. exf6 gxf6 21. Bd2 Kd7 22. c3 bxc3 23. bxc3 Rab8 24. cxd4 cxd4 25. Ke4 Rhc8 26. Kxd4 Rc2 27. Ke3 e5 28. d4 exd4+ 29. Kd3 Rbc8 30. a4 Ke6 31. Rb1 Kd5 32. Rb7 R8c7 33. Rb8 Rc8 34. Rb7 R2c7 35. Rb6 Rc6 36. Rb7 R8c7 37. Rb8 Rd7 38. Rb4 Re6 39. f5 Re4 40. h3 Be1 41. Rb6 Bxd2 42. Kxd2 Rd6 43. Rb7 h5 44. Nf2 Rf4 45. Nd3 Rf3 46. Rc7 hxg4 47. hxg4 Rg3 48. Ke2 Rxg4 49. Kf3 Rg1 50. Rc5# 1-0

[Event "Winnipeg TNT July op"]
[Site "Winnipeg CAN"]
[Date "2004.07.27"]
[Round "4"]
[White "Lipnowski, Samuel"]
[Black "Khedkar, Jay S"]
[Result "1-0"]
[WhiteElo "2127"]
[BlackElo "1962"]
[PlyCount "55"]
[GameId "2160767911096087"]
[EventDate "2004.07.06"]
[EventType "swiss"]
[EventRounds "4"]
[EventCountry "CAN"]
[SourceTitle "EXT 2006"]
[Source "ChessBase"]
[SourceDate "2005.11.24"]
[SourceVersion "1"]
[SourceVersionDate "2005.11.24"]
[SourceQuality "1"]

1. e4 c5 2. Nf3 Nc6 3. d4 cxd4 4. Nxd4 Nf6 5. Nc3 d6 6. Bg5 e6 7. Qd2 Be7 8. O-O-O a6 9. f4 Qa5 10. Nb3 Qc7 11. Bd3 b5 12. Rhe1 h6 13. Bh4 Nxe4 14. Rxe4 Bxh4 15. Bxb5 axb5 16. Nxb5 Qb8 17. Nxd6+ Kf8 18. Qc3 Ne7 19. Rb4 Qa7 20. Nb5 Nd5 21. Rxd5 Qg1+ 22. Rd1 Qxg2 23. Nc7 Kg8 24. Nxa8 Qxa8 25. Qc7 Kh7 26. Rb8 Qa6 27. Qxf7 Qxa2 28. Rg1 1-0

[Event "Winnipeg TNT July op"]
[Site "Winnipeg CAN"]
[Date "2004.07.27"]
[Round "4"]
[White "Prince, Colin"]
[Black "Estabrooks, Mike"]
[Result "1-0"]
[WhiteElo "1727"]
[BlackElo "1711"]
[PlyCount "59"]
[GameId "2160767911096088"]
[EventDate "2004.07.06"]
[EventType "swiss"]
[EventRounds "4"]
[EventCountry "CAN"]

1. e4 d5 2. exd5 Qxd5 3. Nc3 Qa5 4. Nf3 Nf6 5. d4 c6 6. Bd3 Bf5 7. O-O Nbd7 8. a3 e6 9. b4 Bxb4 10. axb4 Qxa1 11. Bxf5 Qxc3 12. Bd2 Qc4 13. Bd3 Qd5 14. c4 Qd6 15. Bc3 O-O 16. Ne5 Rad8 17. Ng4 Nxg4 18. Qxg4 f5 19. Qh4 c5 20. bxc5 Nxc5 21. Bc2 Nd7 22. f4 Rf6 23. d5 Rg6 24. Qxd8+ Kf7 25. Be5 Qc5+ 26. Kh1 Nxe5 27. fxe5 Qxc4 28. dxe6+ Kxe6 29. Qd6+ Kf7 30. Rxf5+ 1-0

[Event "Winnipeg TNT July op"]
[Site "Winnipeg CAN"]
[Date "2004.07.27"]
[Round "4"]
[White "Reimer, Bruce"]
[Black "Gibbons, Lorne"]
[Result "1-0"]
[WhiteElo "1346"]
[BlackElo "1331"]
[PlyCount "48"]
[GameId "2160767911096089"]
[EventDate "2004.07.06"]
[EventType "swiss"]
[EventRounds "4"]
[EventCountry "CAN"]
[SourceTitle "EXT 2006"]
[Source "ChessBase"]
[SourceDate "2005.11.24"]
[SourceVersion "1"]
[SourceVersionDate "2005.11.24"]
[SourceQuality "1"]

1. c4 b6 2. e4 Bb7 3. Nc3 e5 4. g3 Nf6 5. Bg2 Bc5 6. Nge2 Nc6 7. O-O Qe7 8. Nd5 Nxd5 9. cxd5 Nd4 10. a3 Ba6 11. d3 O-O 12. b4 Bd6 13. Nxd4 exd4 14. Bb2 c5 15. dxc6 dxc6 16. Bxd4 Rad8 17. Qc2 Bxg3 18. fxg3 Rxd4 19. Rad1 Rc8 20. Qc3 Qd6 21. Rf3 c5 22. bxc5 Rxc5 23. Qb3 Ra5 24. Qxf7+ Kh8 1-0

[Event "Winnipeg TNT July op"]
[Site "Winnipeg CAN"]
[Date "2004.07.27"]
[Round "4"]
[White "Silva, T Romero"]
[Black "Milord, Frank"]
[Result "1-0"]
[WhiteElo "1604"]
[BlackElo "1592"]
[PlyCount "71"]
[GameId "2160767911096090"]
[EventDate "2004.07.06"]
[EventType "swiss"]
[EventRounds "4"]
[EventCountry "CAN"]
[SourceTitle "EXT 2006"]
[Source "ChessBase"]
[SourceDate "2005.11.24"]
[SourceVersion "1"]
[SourceVersionDate "2005.11.24"]
[SourceQuality "1"]

1. d4 d5 2. c4 c6 3. cxd5 cxd5 4. Nc3 Nf6 5. Nf3 Bf5 6. Bg5 Nc6 7. e3 a6 8. Bxf6 exf6 9. Be2 Bb4 10. O-O O-O 11. Nh4 Be6 12. Bd3 f5 13. Nxf5 Qg5 14. Ng3 g6 15. Rc1 h5 16. f4 Qh6 17. a3 Bxc3 18. Rxc3 h4 19. Nh1 h3 20. Qf3 hxg2 21. Kxg2 Ne7 22. Rg1 Nf5 23. Bxf5 Bxf5 24. Qg3 Rac8 25. Rgc1 Rxc3 26. Rxc3 Be4+ 27. Kg1 Qh5 28. Nf2 Qf5 29. Nxe4 dxe4 30. Kg2 Rc8 31. h4 Rc6 32. Rxc6 bxc6 33. Qg5 Qb5 34. Qxb5 axb5 35. b3 f5 36. a4 1-0

[Event "Winnipeg TNT July op"]
[Site "Winnipeg CAN"]
[Date "2004.07.27"]
[Round "4"]
[White "Vincent, Trevor"]
[Black "Barkman, Daniel"]
[Result "1-0"]
[WhiteElo "2005"]
[BlackElo "1601"]
[PlyCount "56"]
[GameId "2160767911096091"]
[EventDate "2004.07.06"]
[EventType "swiss"]
[EventRounds "4"]
[EventCountry "CAN"]
[SourceTitle "EXT 2006"]
[Source "ChessBase"]
[SourceDate "2005.11.24"]
[SourceVersion "1"]
[SourceVersionDate "2005.11.24"]
[SourceQuality "1"]

1. c4 Nf6 2. g3 e5 3. Bg2 Bc5 4. Nc3 O-O 5. e3 c6 6. Nge2 d5 7. cxd5 cxd5 8. d4 exd4 9. exd4 Bb6 10. O-O Nc6 11. Bg5 Be6 12. f4 Bg4 13. Bf3 Bxf3 14. Rxf3 Re8 15. Kg2 Qe7 16. Qd3 Rad8 17. Re1 Nb4 18. Qb1 Nc6 19. Rd3 Nb4 20. Rd2 h6 21. Bh4 Qe3 22. Bxf6 gxf6 23. a3 Nc6 24. Qf5 Ne7 25. Qxf6 Ng6 26. f5 Qe7 27. Qxe7 Nxe7 28. g4 Nc6 1-0

[Event "Winnipeg TNT July op"]
[Site "Winnipeg CAN"]
[Date "2004.07.27"]
[Round "4"]
[White "Zaczek, Jonathon"]
[Black "Nikouline, Alexandre"]
[Result "1/2-1/2"]
[WhiteElo "1890"]
[BlackElo "1986"]
[PlyCount "116"]
[GameId "2160767911096092"]
[EventDate "2004.07.06"]
[EventType "swiss"]
[EventRounds "4"]
[EventCountry "CAN"]
[SourceTitle "EXT 2006"]
[Source "ChessBase"]
[SourceDate "2005.11.24"]
[SourceVersion "1"]
[SourceVersionDate "2005.11.24"]
[SourceQuality "1"]

1. e4 c5 2. Nf3 e6 3. d4 cxd4 4. Nxd4 a6 5. c4 Nf6 6. Nc3 Qc7 7. Bd3 Nc6 8. Nf3 Bc5 9. Qe2 Ng4 10. Nd1 b6 11. a3 Nge5 12. Nxe5 Nxe5 13. O-O h5 14. Be3 Ng4 15. f4 g5 16. g3 Nxe3 17. Nxe3 h4 18. Kg2 hxg3 19. hxg3 gxf4 20. Rxf4 Qe5 21. Ng4 Qg7 22. e5 Bb7+ 23. Be4 Bxe4+ 24. Qxe4 d5 25. cxd5 O-O-O 26. d6 Kb8 27. Raf1 Rd7 28. Nf6 Rdd8 29. b4 Bxd6 30. exd6 Qh6 31. Ng4 Qh3+ 32. Kf2 f5 33. Qc6 fxg4 34. Qxb6+ Ka8 35. Qxa6+ Kb8 36. Qb6+ Ka8 37. Qc6+ Kb8 38. Qg2 Rxd6 39. Qxh3 gxh3 40. Kg1 Rd2 41. Rf8+ Rxf8 42. Rxf8+ Kc7 43. Rf2 Rd3 44. Kh2 Rxa3 45. Kxh3 Rb3 46. Rf4 Kd6 47. Rd4+ Ke5 48. Rf4 Kd5 49. Kg4 e5 50. Rf8 Rxb4+ 51. Kf5 Kd6 52. Rd8+ Ke7 53. Rd5 e4 54. Re5+ Kf7 55. Rxe4 Rxe4 56. Kxe4 Kg6 57. Kf4 Kf6 58. Kg4 Kg6 1/2-1/2

[Event "Winnipeg TNT July op"]
[Site "Winnipeg CAN"]
[Date "2004.07.27"]
[Round "4"]
[White "Zhou, Lu"]
[Black "Repa, Jason"]
[Result "0-1"]
[WhiteElo "1646"]
[BlackElo "1938"]
[PlyCount "50"]
[GameId "2160767911096093"]
[EventDate "2004.07.06"]
[EventType "swiss"]
[EventRounds "4"]
[EventCountry "CAN"]

1. e4 e6 2. d4 d5 3. Nc3 Bb4 4. e5 c5 5. Nf3 cxd4 6. Nxd4 Bxc3+ 7. bxc3 Ne7 8. Bd3 Qc7 9. O-O a6 10. Ba3 Qxe5 11. Bxe7 Kxe7 12. f4 Qc7 13. Qe1 Nd7 14. Nf5+ Kf8 15. Nxg7 Kxg7 16. Qh4 f5 17. Qe7+ Kg6 18. Qxe6+ Nf6 19. Qe3 Ne4 20. c4 Qc5 21. Qxc5 Nxc5 22. g4 Nxd3 23. gxf5+ Bxf5 24. cxd3 Bxd3 25. Rf3 dxc4 0-1

[Event "Winnipeg TNT June op"]
[Site "Winnipeg CAN"]
[Date "2004.06.01"]
[Round "1"]
[White "Anderson, George"]
[Black "Khedkar, Jay S"]
[Result "0-1"]
[WhiteElo "1503"]
[BlackElo "1921"]
[PlyCount "46"]
[GameId "2160767911096316"]
[EventDate "2004.06.01"]
[EventType "swiss"]
[EventRounds "4"]
[EventCountry "CAN"]
[SourceTitle "EXT 2006"]
[Source "ChessBase"]
[SourceDate "2005.11.24"]
[SourceVersion "1"]
[SourceVersionDate "2005.11.24"]
[SourceQuality "1"]

1. e4 Nf6 2. Nc3 d5 3. e5 Nfd7 4. Qe2 e6 5. f4 c5 6. Qg4 Nc6 7. Bb5 Nd4 8. Ba4 a6 9. Nge2 Nxe2 10. Bxd7+ Bxd7 11. Nxe2 h5 12. Qg5 Qxg5 13. fxg5 h4 14. d3 Bc6 15. Nf4 g6 16. Bd2 Bg7 17. O-O-O Bxe5 18. Rde1 Bg7 19. Nxe6 fxe6 20. Rxe6+ Kf7 21. Rhe1 Rhe8 22. Rd6 Rxe1+ 23. Bxe1 Be5 0-1

[Event "Winnipeg TNT June op"]
[Site "Winnipeg CAN"]
[Date "2004.06.01"]
[Round "1"]
[White "Czarny, Keith"]
[Black "Babb, Jeff"]
[Result "0-1"]
[WhiteElo "1678"]
[BlackElo "2142"]
[PlyCount "58"]
[GameId "2160767911096317"]
[EventDate "2004.06.01"]
[EventType "swiss"]
[EventRounds "4"]
[EventCountry "CAN"]
[SourceTitle "EXT 2006"]
[Source "ChessBase"]
[SourceDate "2005.11.24"]
[SourceVersion "1"]
[SourceVersionDate "2005.11.24"]
[SourceQuality "1"]

1. Nf3 Nf6 2. g3 g6 3. Bg2 Bg7 4. O-O O-O 5. c4 d6 6. d4 Nc6 7. Nc3 Rb8 8. a3 a6 9. Bd2 e5 10. Bg5 h6 11. dxe5 hxg5 12. exf6 Bxf6 13. Qd2 g4 14. Ne1 Na5 15. Qd3 Bf5 16. e4 Be6 17. Nd5 Bxb2 18. Ra2 Bg7 19. Nc2 c6 20. Nde3 b5 21. Nb4 bxc4 22. Qe2 c3 23. Rc2 Qc8 24. f4 gxf3 25. Qxf3 Nc4 26. Nxc4 Bxc4 27. e5 Bxf1 28. Bxf1 Rxb4 29. Rxc3 Rb6 0-1

[Event "Winnipeg TNT June op"]
[Site "Winnipeg CAN"]
[Date "2004.06.01"]
[Round "1"]
[White "Greenberg, Harley"]
[Black "Mor, Shai"]
[Result "1-0"]
[WhiteElo "1785"]
[BlackElo "1398"]
[PlyCount "107"]
[GameId "2160767911096318"]
[EventDate "2004.06.01"]
[EventType "swiss"]
[EventRounds "4"]
[EventCountry "CAN"]
[SourceTitle "EXT 2006"]
[Source "ChessBase"]
[SourceDate "2005.11.24"]
[SourceVersion "1"]
[SourceVersionDate "2005.11.24"]
[SourceQuality "1"]

1. d4 d5 2. c4 Nf6 3. g3 dxc4 4. Bg2 g6 5. Nc3 Bg7 6. Nf3 O-O 7. O-O Bd7 8. Ne5 c6 9. Nxc4 Be6 10. Qd3 Nbd7 11. e4 Ne8 12. Ne3 Nc7 13. a3 Nb6 14. Rd1 Bb3 15. Rd2 e5 16. d5 Bh6 17. Ncd1 Ba4 18. Qc3 Nd7 19. Qb4 Bxd1 20. Rxd1 Bxe3 21. Bxe3 f5 22. dxc6 bxc6 23. exf5 gxf5 24. Bxc6 a5 25. Qc4+ Kh8 26. Bxa8 Nxa8 27. Qd5 f4 28. Ba7 fxg3 29. fxg3 Nab6 30. Qe4 Qc7 31. Bxb6 Qxb6+ 32. Kh1 Qxb2 33. Rab1 Nf6 34. Rxb2 Nxe4 35. Re1 Nf2+ 36. Rxf2 Rxf2 37. Rxe5 Rf6 38. Rxa5 Kg7 39. Kg2 Kg6 40. a4 h6 41. Ra8 Kg7 42. a5 Kf7 43. a6 Kg7 44. Kh3 Kh7 45. Kg4 Kg7 46. h4 Kf7 47. Ra7+ Kg8 48. Kh5 Kh8 49. g4 Kg8 50. g5 hxg5 51. hxg5 Re6 52. g6 Re8 53. Rb7 Ra8 54. a7 1-0

[Event "Winnipeg TNT June op"]
[Site "Winnipeg CAN"]
[Date "2004.06.01"]
[Round "1"]
[White "Nikouline, Alexandre"]
[Black "MacPherson, Al"]
[Result "1-0"]
[WhiteElo "1987"]
[BlackElo "1669"]
[PlyCount "51"]
[GameId "2160767911096319"]
[EventDate "2004.06.01"]
[EventType "swiss"]
[EventRounds "4"]
[EventCountry "CAN"]
[SourceTitle "EXT 2006"]
[Source "ChessBase"]
[SourceDate "2005.11.24"]
[SourceVersion "1"]
[SourceVersionDate "2005.11.24"]
[SourceQuality "1"]

1. e4 c5 2. Nf3 d6 3. d4 cxd4 4. Nxd4 Nf6 5. Nc3 a6 6. Bg5 e6 7. f4 Be7 8. Qf3 Nc6 9. O-O-O Qc7 10. Nxc6 bxc6 11. Bd3 h6 12. Bh4 O-O 13. g4 Nh7 14. Bxe7 Qxe7 15. h4 g6 16. g5 h5 17. Qe3 Bd7 18. Bc4 Rfe8 19. Rhe1 Qf8 20. Qd3 d5 21. Bb3 f5 22. exd5 cxd5 23. Nxd5 Bb5 24. Qc3 Rac8 25. Nc7 Rxc7 26. Qxc7 1-0

[Event "Winnipeg TNT June op"]
[Site "Winnipeg CAN"]
[Date "2004.06.01"]
[Round "1"]
[White "Reimer, Bruce"]
[Black "Costales, Servillano"]
[Result "1/2-1/2"]
[WhiteElo "1357"]
[BlackElo "1716"]
[PlyCount "118"]
[GameId "2160767911092224"]
[EventDate "2004.06.01"]
[EventType "swiss"]
[EventRounds "4"]
[EventCountry "CAN"]
[SourceTitle "EXT 2006"]
[Source "ChessBase"]
[SourceDate "2005.11.24"]
[SourceVersion "1"]
[SourceVersionDate "2005.11.24"]
[SourceQuality "1"]

1. c4 g6 2. g3 Bg7 3. Bg2 e6 4. Nc3 Ne7 5. e4 d6 6. Nge2 Nd7 7. O-O Ne5 8. d3 O-O 9. f4 Ng4 10. h3 Nf6 11. Be3 c6 12. Qd2 Kh8 13. d4 Bd7 14. e5 Ne8 15. g4 Qc7 16. Ng3 dxe5 17. fxe5 Rd8 18. c5 Bc8 19. Bh6 Qd7 20. Bxg7+ Kxg7 21. Rad1 Ng8 22. Qf2 Qe7 23. h4 h6 24. Nge4 Rd7 25. g5 Rc7 26. Nf6 Kh8 27. Nce4 Ng7 28. Nxg8 Kxg8 29. Nf6+ Kh8 30. Be4 Nf5 31. Qf4 h5 32. Bxf5 exf5 33. Qf3 Be6 34. b3 Kg7 35. Rf2 Rd8 36. Rh2 Rcc8 37. Nxh5+ gxh5 38. Qxh5 Rh8 39. Qf3 Kf8 40. Qf4 Qd7 41. h5 Ke7 42. g6 Rcg8 43. Qg5+ Kf8 44. Rg2 Qe7 45. g7+ Ke8 46. gxh8=Q Rxh8 47. Qxe7+ Kxe7 48. Rh2 Rh6 49. Rdd2 f6 50. exf6+ Kxf6 51. Rdg2 Bf7 52. Kf2 f4 53. Kf3 Bd5+ 54. Kxf4 Bxg2 55. Rxg2 Rxh5 56. Rf2 Ke6 57. Re2+ Kf6 58. Ke3 Ke6 59. Kd3+ Kd5 1/2-1/2

[Event "Winnipeg TNT June op"]
[Site "Winnipeg CAN"]
[Date "2004.06.01"]
[Round "1"]
[White "Silva, T Romero"]
[Black "Boron, Anthony"]
[Result "1-0"]
[WhiteElo "1661"]
[BlackElo "1942"]
[PlyCount "89"]
[GameId "2160767911092225"]
[EventDate "2004.06.01"]
[EventType "swiss"]
[EventRounds "4"]
[EventCountry "CAN"]
[SourceTitle "EXT 2006"]
[Source "ChessBase"]
[SourceDate "2005.11.24"]
[SourceVersion "1"]
[SourceVersionDate "2005.11.24"]
[SourceQuality "1"]

1. d4 Nf6 2. c4 c5 3. d5 b5 4. b3 g6 5. Bb2 Bg7 6. Nf3 bxc4 7. bxc4 d6 8. e3 O-O 9. Nbd2 Nbd7 10. Be2 Rb8 11. Bc3 Nb6 12. O-O Bd7 13. Rb1 Qc7 14. Qc2 Na4 15. Ba1 Rb4 16. a3 Rbb8 17. h3 Nb6 18. Bd3 Ba4 19. Qc3 Nbd7 20. Qc1 Rxb1 21. Bxb1 Nb6 22. Bd3 Rb8 23. Ne4 Nbd7 24. Ned2 Qa5 25. Bc3 Qa6 26. e4 Nb6 27. Re1 Bd7 28. Bf1 Na4 29. Ba1 Nh5 30. e5 Bh6 31. Qc2 Bf5 32. Ne4 Bg7 33. g4 Bxe4 34. Qxe4 f5 35. exf6 Nxf6 36. Qe6+ Kh8 37. Ng5 Qc8 38. Nf7+ Kg8 39. Nh6+ Kh8 40. Qxe7 Rb7 41. Qxd6 Ne8 42. Bxg7+ Kxg7 43. Qe5+ Nf6 44. g5 Qf8 45. Ng4 1-0

[Event "Winnipeg TNT June op"]
[Site "Winnipeg CAN"]
[Date "2004.06.01"]
[Round "1"]
[White "Zaczek, Jonathon"]
[Black "Degroot, Stephen"]
[Result "1-0"]
[WhiteElo "1924"]
[BlackElo "1527"]
[PlyCount "79"]
[GameId "2160767911092226"]
[EventDate "2004.06.01"]
[EventType "swiss"]
[EventRounds "4"]
[EventCountry "CAN"]
[SourceTitle "EXT 2006"]
[Source "ChessBase"]
[SourceDate "2005.11.24"]
[SourceVersion "1"]
[SourceVersionDate "2005.11.24"]
[SourceQuality "1"]

1. e4 c5 2. Ne2 d6 3. Nbc3 a6 4. a4 Nc6 5. d4 cxd4 6. Nxd4 Nf6 7. Be2 e6 8. O-O Be7 9. Kh1 O-O 10. f4 Qc7 11. Be3 Bd7 12. Nb3 Kh8 13. a5 Rac8 14. Bf3 Ne8 15. Qd2 f5 16. Rfd1 fxe4 17. Bxe4 d5 18. Bxd5 exd5 19. Nxd5 Qb8 20. Nxe7 Nxe7 21. Qxd7 Rc7 22. Qd2 Nf5 23. Nd4 Nxe3 24. Qxe3 Nf6 25. Qf3 Rc4 26. b3 Rcc8 27. Rd3 Nd7 28. Ne6 Ne5 29. Qg3 Ng6 30. Nxf8 Rxf8 31. Rf3 Ne7 32. Qf2 Qd6 33. Rf1 Nf5 34. g4 Nh6 35. h3 Qc6 36. Kg1 Qd5 37. Qb6 Qd7 38. f5 Rf6 39. Qe3 Rf8 40. f6 1-0

[Event "Winnipeg TNT June op"]
[Site "Winnipeg CAN"]
[Date "2004.06.08"]
[Round "2"]
[White "Anderson, Collin"]
[Black "Reimer, Bruce"]
[Result "1-0"]
[WhiteElo "1788"]
[BlackElo "1346"]
[PlyCount "111"]
[GameId "2160767911092227"]
[EventDate "2004.06.01"]
[EventType "swiss"]
[EventRounds "4"]
[EventCountry "CAN"]

1. e4 d6 2. d4 Nf6 3. Nc3 g6 4. Be2 Bg7 5. Be3 e5 6. dxe5 dxe5 7. Qxd8+ Kxd8 8. O-O-O+ Nbd7 9. Nh3 Ke7 10. f4 Rd8 11. Bf3 c6 12. Rd3 b6 13. Rhd1 Bb7 14. g4 exf4 15. Bxf4 Nc5 16. Bd6+ Ke8 17. Bxc5 bxc5 18. Ng5 Bh6 19. h4 Rxd3 20. Rxd3 Rd8 21. Kd1 Rxd3+ 22. cxd3 Bxg5 23. hxg5 Nd7 24. Na4 Ke7 25. Kd2 Ke6 26. Ke3 Ke5 27. Bd1 f6 28. gxf6 Kxf6 29. Bb3 h5 30. gxh5 gxh5 31. Kf4 Ba6 32. Bc2 Bb5 33. Nc3 Ne5 34. Nxb5 cxb5 35. Ke3 Kg5 36. d4 cxd4+ 37. Kxd4 Kf4 38. Bb3 h4 39. Be6 Ng4 40. e5 Nxe5 41. Bh3 Nf3+ 42. Kc5 Kg3 43. Bc8 h3 44. Bxh3 Kxh3 45. Kxb5 Ne5 46. Ka6 Kg4 47. Kxa7 Kf5 48. a4 Ke6 49. a5 Kd7 50. Kb7 Nc6 51. a6 Kd6 52. b4 Nd8+ 53. Kb6 Ne6 54. a7 Nc7 55. Kb7 Kd7 56. b5 1-0

[Event "Winnipeg TNT June op"]
[Site "Winnipeg CAN"]
[Date "2004.06.08"]
[Round "2"]
[White "Babb, Jeff"]
[Black "Khedkar, Jay S"]
[Result "1-0"]
[WhiteElo "2142"]
[BlackElo "1921"]
[PlyCount "41"]
[GameId "2160767911092228"]
[EventDate "2004.06.01"]
[EventType "swiss"]
[EventRounds "4"]
[EventCountry "CAN"]
[SourceTitle "EXT 2006"]
[Source "ChessBase"]
[SourceDate "2005.11.24"]
[SourceVersion "1"]
[SourceVersionDate "2005.11.24"]
[SourceQuality "1"]

1. c4 e6 2. g3 d5 3. Bg2 Nf6 4. Nf3 Be7 5. O-O O-O 6. b3 Nbd7 7. Bb2 b6 8. cxd5 exd5 9. Nd4 Bb7 10. Nf5 Re8 11. Nxe7+ Qxe7 12. Nc3 Ne4 13. Nxe4 dxe4 14. Qc2 c5 15. Rfe1 Rad8 16. Rad1 Nf6 17. Qc3 Qf8 18. Qc1 Nd5 19. d3 Nc7 20. dxe4 Bxe4 21. Rxd8 1-0

[Event "Winnipeg TNT June op"]
[Site "Winnipeg CAN"]
[Date "2004.06.08"]
[Round "2"]
[White "Boron, Anthony"]
[Black "Anderson, George"]
[Result "1-0"]
[WhiteElo "1942"]
[BlackElo "1503"]
[PlyCount "59"]
[GameId "2160767911092229"]
[EventDate "2004.06.01"]
[EventType "swiss"]
[EventRounds "4"]
[EventCountry "CAN"]
[SourceTitle "EXT 2006"]
[Source "ChessBase"]
[SourceDate "2005.11.24"]
[SourceVersion "1"]
[SourceVersionDate "2005.11.24"]
[SourceQuality "1"]

1. e4 e6 2. d4 d5 3. Bd3 Ne7 4. Nf3 Ng6 5. O-O dxe4 6. Bxe4 Nd7 7. c4 Nf6 8. Bg5 Be7 9. Bc2 b6 10. Nc3 Bb7 11. Ba4+ Nd7 12. Bxe7 Nxe7 13. Ne5 c6 14. Ne4 Nxe5 15. dxe5 O-O 16. Qh5 Ng6 17. Ng5 h6 18. Nxe6 fxe6 19. Qxg6 Qe7 20. Bc2 Rf5 21. Bxf5 exf5 22. Qd6 Qxd6 23. exd6 Rd8 24. Rad1 c5 25. Rfe1 Kf8 26. f3 Rd7 27. h4 g5 28. Re5 g4 29. Rxf5+ Kg7 30. fxg4 1-0

[Event "Winnipeg TNT June op"]
[Site "Winnipeg CAN"]
[Date "2004.06.08"]
[Round "2"]
[White "Costales, Servillano"]
[Black "Gibbons, Lorne"]
[Result "1-0"]
[WhiteElo "1723"]
[BlackElo "1331"]
[PlyCount "49"]
[GameId "2160767911092230"]
[EventDate "2004.06.01"]
[EventType "swiss"]
[EventRounds "4"]
[EventCountry "CAN"]

1. e3 e5 2. d3 Nc6 3. Ne2 Nf6 4. g3 d5 5. Bg2 Bf5 6. Nd2 Bc5 7. b3 Qd7 8. h3 O-O-O 9. a3 Rhe8 10. Bb2 d4 11. e4 Bg6 12. b4 Bf8 13. Nc4 b5 14. Nd2 Kb7 15. O-O h6 16. Nb3 Bh7 17. f4 Bg8 18. fxe5 Rxe5 19. a4 bxa4 20. Rxa4 Nxb4 21. Qa1 Ra8 22. Nexd4 Bc5 23. Kh1 Kb8 24. Nxc5 Rxc5 25. Rxb4+ 1-0

[Event "Winnipeg TNT June op"]
[Site "Winnipeg CAN"]
[Date "2004.06.08"]
[Round "2"]
[White "Degroot, Stephen"]
[Black "Czarny, Keith"]
[Result "1-0"]
[WhiteElo "1527"]
[BlackElo "1678"]
[PlyCount "51"]
[GameId "2160767911092231"]
[EventDate "2004.06.01"]
[EventType "swiss"]
[EventRounds "4"]
[EventCountry "CAN"]
[SourceTitle "EXT 2006"]
[Source "ChessBase"]
[SourceDate "2005.11.24"]
[SourceVersion "1"]
[SourceVersionDate "2005.11.24"]
[SourceQuality "1"]

1. e4 Nf6 2. e5 Nd5 3. Bc4 e6 4. Nf3 c5 5. c3 Nc6 6. O-O b6 7. d4 cxd4 8. Bxd5 exd5 9. cxd4 Bb4 10. a3 Be7 11. Nc3 Bb7 12. Nxd5 O-O 13. Re1 d6 14. Nxe7+ Qxe7 15. Bg5 Qd7 16. exd6 Qxd6 17. d5 Na5 18. Be7 Qh6 19. Bxf8 Rxf8 20. Nd4 Qg6 21. Qf3 Nc4 22. Re2 h5 23. Nf5 Kh8 24. Rae1 Kh7 25. Nh4 Qg5 26. Qe4+ 1-0